Elements of the random walk : (Record no. 29506)

000 -LEADER
fixed length control field 00628 a2200169 4500
020 ## - INTERNATIONAL STANDARD BOOK NUMBER
International Standard Book Number 0521828910
020 ## - INTERNATIONAL STANDARD BOOK NUMBER
International Standard Book Number 9780521828918
082 ## - DEWEY DECIMAL CLASSIFICATION NUMBER
Classification number 519.282
090 ## - LOCALLY ASSIGNED LC-TYPE CALL NUMBER (OCLC); LOCAL CALL NUMBER (RLIN)
-- 883
-- 883
100 1# - MAIN ENTRY--PERSONAL NAME
Personal name Rudnick, Joseph.
245 10 - TITLE STATEMENT
Title Elements of the random walk :
Remainder of title an introduction for advanced students and researchers /
Statement of responsibility, etc. Joseph Rudnick, George Gaspari.
260 ## - PUBLICATION, DISTRIBUTION, ETC.
Place of publication, distribution, etc. [S.l.] :
Name of publisher, distributor, etc. Cambridge University Press,
Date of publication, distribution, etc. 2004.
300 ## - PHYSICAL DESCRIPTION
Extent 346 p. ;
Dimensions 25 cm.
700 1# - ADDED ENTRY--PERSONAL NAME
Personal name Gaspari, George.
942 ## - ADDED ENTRY ELEMENTS (KOHA)
Institution code [OBSOLETE] SNS
Koha item type Book
Call number prefix 519.282 RUD
Holdings
Withdrawn status Lost status Damaged status Not for loan Permanent Location Current Location Date acquired Total Checkouts Full call number Barcode Checked out Date last seen Date last checked out Price effective from Koha item type
        School of Natural Sciences (SNS) School of Natural Sciences (SNS) 05/26/2016 1 519.282 RUD SNS0001052 04/04/2025 12/05/2024 12/05/2024 05/26/2016 Book
© 2023 Central Library, National University of Sciences and Technology. All Rights Reserved.